000 00583cam a2200229ua 4500
001 9411
005 20260515114449.0
008 150827n ii |||gr||||Z||||||eng
020 _a8173393966
040 _cMAIN
041 _aeng
082 _a301
100 _aAhmed, Gyasuddin,
_eAuthor.
245 1 _aIntroduction to sociology
_cby Gyasuddin Ahmed
250 _a1st ed.
260 _aDibrugarh:
_bBanalata,
_c2005-06.
300 _a340p.
653 _aSociology & anthropology
700 _aBorgohain, Himanta,
_eAuthfor.
700 _aChutia, Dilip,
_eAuthor.
942 _cBK
999 _c8458
_d8458